000 01050cad a22002055a 4500
001 L155756
008 120416s2012 xxk 000 0 eng d
035 _a(Sirsi) u155756
041 0 _aeng
110 2 _aKnight Frank
_91530
245 0 0 _aUK market outlook
_bcommercial property review - April 2012
_h[electronic resource]
260 _aLondon
_bKnight Frank
_c2012
490 0 _aKnight Frank UK Market Outlook Commercial Property Review
_vApril 2012
520 _aProvides an update for April 2012 on the key investment, financial and economic indicators relevant to the UK commercial property market, along with expectations for future performance. Financial indicators - Economic outlook - Property performance - The high street soldiers on - Knight Frank comments.
590 _aKA
651 4 _aUnited Kingdom
690 _aCommercial property
_96227
856 4 0 _uhttps://my.knightfrank.com/research/?regionid=2
_zView the report (Click on UK and Commercial links in the refine box, then click on title) at myknightfrank.com
942 _n0
999 _c83916
_d83916